Detailed - reconnaissance soil survey of part of Bukit Perangin Forest Reserve and semi-detailed soil survey of Bukit Malut Forest Reserve Pulau Langkawi, Kedah, for teak crop

Bibliographic Details
Main Author: AMIR Husni b. Mohd. Shariff
Corporate Author: Institut Penyelidikan Perhutanan Malaysia (FRIM)
Format: Book
Published: Kuala Lumpur : Forestry Department Peninsular Malaysia , 1984
Series:Research pamphlet ; no. 95
Subjects:

MARC

LEADER 00000cam a2200000 7i4500
001 0000002992
005 20040330.0
090 0 0 |a RP 631.47bAMI 1984 
100 0 0 |a AMIR Husni b. Mohd. Shariff 
245 1 0 |a Detailed - reconnaissance soil survey of part of Bukit Perangin Forest Reserve and semi-detailed soil survey of Bukit Malut Forest Reserve Pulau Langkawi, Kedah, for teak crop   |c by Amir Husni b. Mohd. Shariff 
260 0 0 |a Kuala Lumpur :   |b Forestry Department Peninsular Malaysia ,   |c 1984 
300 |a 60 p. ;   |c maps. ;   |c 30 cm. 
440 0 0 |a Research pamphlet ; no. 95 
500 0 0 |a Bibliography : p. 60 
650 0 0 |a Soil   |x Survey 
710 1 1 |a Institut Penyelidikan Perhutanan Malaysia (FRIM) 
998 |a JPSM 
999 |a 0000005290   |b Monograph   |c Open Shelf   |e Default branch 
999 |a 0000005291   |b Monograph   |c Open Shelf   |e Default branch 
999 |a 0000005292   |b Monograph   |c Open Shelf   |e Default branch